[Event "SV Heiden 1 - SF Telgte 1"]
[Site "Verbandsliga 2016/2017"]
[Date "2016.10.01"]
[Round "2.3"]
[White "Kuhlenbäumer, Willi"]
[Black "Ehrlich, Hans-Georg"]
[Result "1-0"]
[WhiteElo "1932"]
[BlackElo "1818"]
[PlyCount "53"]
[EventDate "2016.??.??"]
[SourceDate "2016.09.26"]

1. e4 d5 2. exd5 Qxd5 3. Nc3 Qd8 4. Bc4 Nf6 5. d4 c6 6. Bg5 Bg4 7. f3 Bf5 8.
Qd2 Nbd7 9. Nge2 e6 10. h4 h6 11. Be3 Be7 12. g4 Bg6 13. Nf4 Bh7 14. O-O-O Nb6
15. Bxe6 fxe6 16. Nxe6 Qd6 17. Nxg7+ Kd7 18. Bf4 Qb4 19. a3 Qc4 20. d5 cxd5 21.
Qe3 Qc6 22. Rhe1 Ng8 23. Ne6 Re8 24. Nc7 Rf8 25. N7xd5 Nxd5 26. Rxd5+ Kc8 27.
Qxa7 1-0

[Event "SV Heiden 1 - SF Telgte 1"]
[Site "Verbandsliga 2016/2017"]
[Date "2016.10.01"]
[Round "2.4"]
[White "Sicking, Norbert"]
[Black "Junker, Axel"]
[Result "0-1"]
[WhiteElo "1781"]
[BlackElo "1881"]
[PlyCount "60"]
[EventDate "2016.??.??"]
[SourceDate "2016.09.26"]

1. Nf3 c5 2. g3 Nc6 3. Bg2 Nf6 4. O-O g6 5. c3 Bg7 6. d3 d6 7. e4 Bd7 8. Nbd2
b5 9. Rb1 a5 10. d4 cxd4 11. Nxd4 Nxd4 12. cxd4 Rc8 13. b3 Qb6 14. Bb2 Bg4 15.
f3 Bd7 16. Kh1 h5 17. d5 h4 18. gxh4 Rxh4 19. Qe1 Rh7 20. Rc1 Ng4 21. Rxc8+
Bxc8 22. fxg4 Bxb2 23. Qe2 Be5 24. h3 Qc5 25. Nb1 Bd7 26. Re1 Bf4 27. Bf1 g5
28. Kg2 Rh4 29. Kf3 Qg1 30. Qf2 Bxg4+ 0-1

[Event "SV Heiden 1 - SF Telgte 1"]
[Site "Verbandsliga 2016/2017"]
[Date "2016.10.01"]
[Round "2.5"]
[White "Kuhlenbäumer, Alfred"]
[Black "Vestrick, Frank"]
[Result "1-0"]
[WhiteElo "1885"]
[BlackElo "1725"]
[PlyCount "117"]
[EventDate "2016.??.??"]
[SourceDate "2016.09.26"]

1. e4 g6 2. f4 d6 3. Nf3 Bg7 4. Bc4 Nf6 5. Nc3 c6 6. O-O O-O 7. a4 Nxe4 8. Nxe4
d5 9. Bd3 dxe4 10. Bxe4 Nd7 11. c3 Nc5 12. Qe2 Nxe4 13. Qxe4 Bf5 14. Qb4 Qb6+
15. Qxb6 axb6 16. Re1 e6 17. b4 Ra7 18. h3 Rfa8 19. g4 Bc2 20. d4 Rxa4 21. Rxa4
Rxa4 22. Bd2 Ra2 23. Kf2 Bb3 24. Ke3 Bd5 25. Ne5 Bf8 26. Nd7 Ra6 27. Nf6+ Kg7
28. Nxd5 exd5 29. Kd3 Ra8 30. h4 Bd6 31. Kc2 Kf8 32. Kd3 Be7 33. h5 Bd6 34. f5
Kg7 35. h6+ Kg8 36. fxg6 hxg6 37. g5 c5 38. dxc5 bxc5 39. bxc5 Bxc5 40. Bf4 Rc8
41. Be5 Kh7 42. Bf6 Rc6 43. Bg7 Re6 44. Ra1 Re3+ 45. Kd2 Re8 46. Bf6 Re6 47.
Rf1 Be7 48. Bxe7 Rxe7 49. Kd3 f5 50. gxf6 Rf7 51. Kd4 Kxh6 52. Kxd5 g5 53. c4
Kg6 54. Ke5 g4 55. Rf4 Kg5 56. Rf5+ Kg6 57. c5 g3 58. Rf3 Rxf6 59. Rxf6+ 1-0

[Event "SV Heiden 1 - SF Telgte 1"]
[Site "Verbandsliga 2016/2017"]
[Date "2016.10.01"]
[Round "2.6"]
[White "Wetter, Ralf"]
[Black "Dieckmann, Werner"]
[Result "1/2-1/2"]
[WhiteElo "1884"]
[BlackElo "1785"]
[PlyCount "39"]
[EventDate "2016.??.??"]
[SourceDate "2016.09.26"]

1. Nf3 Nf6 2. g3 d5 3. d3 g6 4. Bg2 Bg7 5. O-O O-O 6. Nbd2 c6 7. e4 Bg4 8. h3
dxe4 9. dxe4 Bxf3 10. Qxf3 Nbd7 11. Rd1 Qc7 12. Nc4 b5 13. Na3 Rad8 14. Bf4 Ne5
15. Qe2 Nh5 16. Be3 Nd7 17. Bd4 Nb6 18. Bxg7 Nxg7 19. c3 e5 20. Nc2 1/2-1/2

[Event "SV Heiden 1 - SF Telgte 1"]
[Site "Verbandsliga 2016/2017"]
[Date "2016.10.01"]
[Round "2.7"]
[White "Schenke, Conrad"]
[Black "Niewerth, Gerd"]
[Result "1/2-1/2"]
[WhiteElo "1661"]
[BlackElo "1766"]
[PlyCount "42"]
[EventDate "2016.??.??"]
[SourceDate "2016.09.26"]

1. e4 c6 2. d4 d5 3. Nc3 dxe4 4. Nxe4 Bf5 5. Ng3 Bg6 6. Nf3 Nd7 7. Bd3 Bxd3 8.
Qxd3 Ngf6 9. O-O e6 10. Rd1 Be7 11. c4 O-O 12. b3 Qc7 13. Bb2 Rfd8 14. Qe2 Nb6
15. Rd3 Re8 16. Ne5 Rad8 17. Rad1 Bf8 18. Ne4 Nxe4 19. Qxe4 Qe7 20. Rh3 f5 21.
Qc2 Nd7 1/2-1/2

[Event "SV Heiden 1 - SF Telgte 1"]
[Site "Verbandsliga 2016/2017"]
[Date "2016.10.01"]
[Round "2.8"]
[White "Kloster, Elisabeth"]
[Black "Puder, Reinhard"]
[Result "1-0"]
[WhiteElo "1709"]
[BlackElo "1594"]
[PlyCount "95"]
[EventDate "2016.??.??"]
[SourceDate "2016.09.26"]

1. e4 c6 2. d4 d5 3. Nc3 dxe4 4. Nxe4 Bf5 5. Nc5 Qc7 6. Bd3 Bxd3 7. Nxd3 e6 8.
Nf3 Nd7 9. O-O Ngf6 10. Bf4 Bd6 11. Nfe5 Bxe5 12. Nxe5 Nxe5 13. Bxe5 Qe7 14.
Qf3 O-O 15. Bxf6 Qxf6 16. Qxf6 gxf6 17. Rfe1 Rad8 18. c3 Kh8 19. Rad1 Rd5 20.
f4 Rfd8 21. Re4 c5 22. Kf2 cxd4 23. Rexd4 Rxd4 24. Rxd4 Rxd4 25. cxd4 Kg7 26.
Ke3 Kf8 27. Ke4 Ke7 28. g4 Kd6 29. h4 a6 30. a3 b6 31. h5 b5 32. b4 Ke7 33. d5
Kd6 34. dxe6 fxe6 35. g5 Ke7 36. Kd4 Kf7 37. Kc5 Ke7 38. g6 hxg6 39. hxg6 e5
40. fxe5 fxe5 41. Kd5 Kf6 42. g7 Kxg7 43. Kxe5 Kf7 44. Kd5 Ke7 45. Kc6 Ke6 46.
Kb6 Kd6 47. Kxa6 Kc6 48. Ka5 1-0

[Event "SF Beelen 1 - SC Falke Saerbeck 1"]
[Site "Verbandsliga 2016/2017"]
[Date "2016.10.01"]
[Round "2.1"]
[White "Hegemann, Eike"]
[Black "Hofene, Dieter"]
[Result "1/2-1/2"]
[WhiteElo "1987"]
[BlackElo "1961"]
[PlyCount "141"]
[EventDate "2016.??.??"]
[SourceDate "2016.09.26"]

1. e4 c6 2. d4 d5 3. exd5 cxd5 4. Bd3 Nc6 5. c3 Nf6 6. Bf4 Bg4 7. Qb3 Qc8 8.
Nd2 e6 9. Ngf3 Be7 10. O-O O-O 11. Rfe1 Bh5 12. Rac1 Bg6 13. Bxg6 hxg6 14. c4
dxc4 15. Nxc4 Nd5 16. Bd6 Rd8 17. Bxe7 Ndxe7 18. Nce5 Rd5 19. Ng5 f6 20. Nxc6
bxc6 21. Nxe6 Qb8 22. Qc4 Qd6 23. Re2 Rb8 24. a3 Nf5 25. Rc3 Rb7 26. g3 g5 27.
Qxc6 Qxc6 28. Rxc6 Nxd4 29. Nxd4 Rxd4 30. Kg2 Kf7 31. Rec2 Rdd7 32. b4 Kg6 33.
R2c4 Rd3 34. a4 Ra3 35. a5 Rb3 36. Rc7 R3xb4 37. a6 R7b6 38. Rxb4 Rxb4 39. Rxa7
Ra4 40. Ra8 g4 41. h3 gxh3+ 42. Kxh3 Ra2 43. f3 Kf5 44. Ra7 g6 45. Ra8 Kg5 46.
g4 Kf4 47. a7 f5 48. Rg8 fxg4+ 49. fxg4 Ra3+ 50. Kh4 Rxa7 51. Rf8+ Ke5 52. Kg5
Ra4 53. Re8+ Kd6 54. Rg8 Ke7 55. Rxg6 Kf7 56. Rb6 Kg7 57. Rb7+ Kg8 58. Kf5 Ra5+
59. Kg6 Ra6+ 60. Kh5 Ra5+ 61. g5 Ra6 62. Re7 Rc6 63. Kg4 Kf8 64. Re5 Kg7 65.
Kf5 Ra6 66. Re7+ Kf8 67. Re6 Rxe6 68. Kxe6 Kg7 69. Kf5 Kf7 70. g6+ Kg7 71. Kg5
1/2-1/2

[Event "SF Beelen 1 - SC Falke Saerbeck 1"]
[Site "Verbandsliga 2016/2017"]
[Date "2016.10.01"]
[Round "2.2"]
[White "Hanewinkel, Winfried"]
[Black "Kipp, Lucas"]
[Result "1-0"]
[WhiteElo "1893"]
[BlackElo "1892"]
[PlyCount "65"]
[EventDate "2016.??.??"]
[SourceDate "2016.09.26"]

1. d4 d5 2. c4 e6 3. Nf3 Nf6 4. Bg5 Be7 5. e3 a6 6. Nc3 O-O 7. cxd5 exd5 8. Bd3
Be6 9. O-O Nbd7 10. h3 c5 11. dxc5 Nxc5 12. Nd4 Qd7 13. Be2 Nce4 14. Nxe4 Nxe4
15. Bxe7 Qxe7 16. Qd3 Rad8 17. Rac1 Rd6 18. Nxe6 fxe6 19. Bf3 Ng5 20. Bg4 Rb6
21. Qd4 Qd6 22. f4 Nf7 23. Rc2 Rb4 24. Qd2 Nh6 25. Bxe6+ Qxe6 26. Qxb4 Qxe3+
27. Kh2 Nf5 28. Rf3 Qd4 29. Qd2 Qe4 30. Rf2 d4 31. Rc4 Rd8 32. Qc2 Qe6 33. Qd3
1-0

[Event "SF Beelen 1 - SC Falke Saerbeck 1"]
[Site "Verbandsliga 2016/2017"]
[Date "2016.10.01"]
[Round "2.3"]
[White "Fischer, Andreas"]
[Black "Henke, Wolfgang"]
[Result "1/2-1/2"]
[WhiteElo "1927"]
[BlackElo "1784"]
[PlyCount "85"]
[EventDate "2016.??.??"]
[SourceDate "2016.09.26"]

1. e4 e5 2. f4 exf4 3. Nf3 d6 4. d4 g5 5. h4 g4 6. Ng1 Qf6 7. Nc3 Ne7 8. Nge2
Bh6 9. Qd2 Nbc6 10. Nb5 O-O 11. Nxf4 Bd7 12. Qf2 a6 13. Nxc7 Rac8 14. Ncd5 Nxd5
15. Nxd5 Qxf2+ 16. Kxf2 Bg7 17. c3 f5 18. exf5 Rxf5+ 19. Nf4 Nxd4 20. Bd3 Rf7
21. cxd4 Rxc1 22. Raxc1 Rxf4+ 23. Ke1 Rxd4 24. Rd1 g3 25. b3 d5 26. Be2 Re4 27.
Rd3 Bb5 28. Kd1 Bxd3 29. Bxd3 Rd4 30. Ke2 Bf6 31. Ke3 Rb4 32. h5 Bd4+ 33. Kf4
Bf2+ 34. Ke5 d4 35. Rh4 Rb6 36. Rg4+ Kf8 37. Bxh7 Rb5+ 38. Kf6 Rb6+ 39. Kg5
Rb5+ 40. Kf6 Rb6+ 41. Kf5 d3 42. Ke5 Rb5+ 43. Ke6 1/2-1/2

[Event "SF Beelen 1 - SC Falke Saerbeck 1"]
[Site "Verbandsliga 2016/2017"]
[Date "2016.10.01"]
[Round "2.4"]
[White "Cigelski, Rudolf"]
[Black "Hoge, Reinhard"]
[Result "1-0"]
[WhiteElo "1805"]
[BlackElo "1898"]
[PlyCount "85"]
[EventDate "2016.??.??"]
[SourceDate "2016.09.26"]

1. d4 Nf6 2. c4 c5 3. d5 g6 4. Nc3 d6 5. e4 Bg7 6. Be2 e6 7. Bg5 h6 8. Be3 exd5
9. exd5 O-O 10. Qd2 Kh7 11. h4 Qe7 12. h5 g5 13. Bd3+ Kg8 14. O-O-O Ng4 15. Re1
Qd8 16. g3 Nd7 17. f4 Nxe3 18. Rxe3 g4 19. Ne4 Nb6 20. Ne2 Na4 21. N2c3 Nxc3
22. Nxc3 a6 23. Bb1 Rb8 24. a4 Bd7 25. Qc2 f5 26. Rhe1 Qf6 27. Re6 Bxe6 28.
dxe6 Rbe8 29. Nd5 Qd4 30. e7 Rf7 31. Qb3 Qf2 32. Re6 Qg1+ 33. Kc2 Qh2+ 34. Kc1
Qxh5 35. Bc2 Qh1+ 36. Bd1 Qf1 37. Re2 Bf6 38. Qxb7 Bxe7 39. Nxe7+ Rfxe7 40.
Rxe7 Qxc4+ 41. Kb1 Qd3+ 42. Bc2 Rxe7 43. Qc8+ 1-0

[Event "SF Beelen 1 - SC Falke Saerbeck 1"]
[Site "Verbandsliga 2016/2017"]
[Date "2016.10.01"]
[Round "2.5"]
[White "Waltermann, Jens"]
[Black "Hofene, Josef"]
[Result "1/2-1/2"]
[WhiteElo "1872"]
[BlackElo "1710"]
[PlyCount "152"]
[EventDate "2016.??.??"]
[SourceDate "2016.09.26"]

1. Nf3 Nf6 2. g3 g6 3. Bg2 Bg7 4. O-O O-O 5. c4 c6 6. Nc3 d5 7. cxd5 cxd5 8. d4
Nc6 9. e3 Bf5 10. Ne5 Qc7 11. Nxc6 bxc6 12. Bd2 Rab8 13. b3 Qd6 14. Re1 Nd7 15.
Rc1 e5 16. e4 Be6 17. dxe5 Nxe5 18. Bf4 d4 19. Nb1 Rbc8 20. Re2 Qd7 21. Bxe5
Bxe5 22. Rd2 c5 23. Na3 Bh3 24. Nc4 Bg7 25. Rd3 Bxg2 26. Kxg2 f5 27. exf5 Rxf5
28. f3 Re8 29. Rc2 g5 30. g4 Rf4 31. h3 Qe7 32. Kf2 h5 33. Re2 Qd7 34. Rxe8+
Qxe8 35. Qe2 Qxe2+ 36. Kxe2 Kf7 37. Nd6+ Kg6 38. Ne4 hxg4 39. hxg4 Bf8 40. Rd1
Rf7 41. Rc1 Rc7 42. Kd3 Rf7 43. Rf1 a5 44. Kc4 a4 45. Nxc5 Bxc5 46. Kxc5 axb3
47. axb3 Rd7 48. b4 Kf6 49. b5 Ke7 50. Rh1 d3 51. Rd1 d2 52. Kc4 Rc7+ 53. Kd5
Rb7 54. Kc6 Rd7 55. b6 Rd6+ 56. Kc5 Rd7 57. Kc4 Rb7 58. Kb5 Rd7 59. Kc5 Ke6 60.
Kc6 Rd6+ 61. Kc7 Rd7+ 62. Kc8 Rd3 63. b7 Rc3+ 64. Kd8 Rd3+ 65. Ke8 Rb3 66. Rxd2
Rxb7 67. Re2+ Kf6 68. Re3 Ra7 69. Kf8 Rf7+ 70. Kg8 Rg7+ 71. Kh8 Ra7 72. Re8 Rb7
73. Rf8+ Kg6 74. Ra8 Kf6 75. Ra6+ Ke5 76. Ra5+ Kf6 1/2-1/2

[Event "SF Beelen 1 - SC Falke Saerbeck 1"]
[Site "Verbandsliga 2016/2017"]
[Date "2016.10.01"]
[Round "2.7"]
[White "Lutterbey, Ralf"]
[Black "Fartmann, Franz-Josef"]
[Result "0-1"]
[WhiteElo "1903"]
[BlackElo "1752"]
[PlyCount "116"]
[EventDate "2016.??.??"]
[SourceDate "2016.09.26"]

1. e4 c5 2. Nf3 Nc6 3. d4 cxd4 4. Nxd4 Qb6 5. Nb3 Nf6 6. Be3 Qc7 7. Nc3 e6 8.
a3 a6 9. Be2 b5 10. O-O Be7 11. f4 d6 12. Nd4 Bb7 13. Qe1 O-O 14. Qg3 Rfd8 15.
Rad1 Ne8 16. h4 Bf6 17. Qf2 Nxd4 18. Bxd4 Bxd4 19. Qxd4 Qc5 20. Bf3 Qxd4+ 21.
Rxd4 e5 22. fxe5 dxe5 23. Rdd1 Rac8 24. Kf2 Rd4 25. Ke3 b4 26. axb4 Rxb4 27.
Bg4 Rb8 28. b3 Nf6 29. Bf3 Rc8 30. Rd3 Kf8 31. Rfd1 Ke7 32. g4 h5 33. g5 Ng4+
34. Bxg4 hxg4 35. Rg1 g6 36. Rxg4 Rb6 37. Na4 Rb4 38. c4 Rd8 39. Rc3 Rd1 40.
Ke2 Rh1 41. Nc5 Bc8 42. Rg2 Rxh4 43. Rf2 Rb6 44. Rd3 Rg4 45. Rdf3 Kd6 46. Na4
Rxe4+ 47. Kf1 Rb7 48. Rxf7 Rxf7 49. Rxf7 Rf4+ 50. Rxf4 exf4 51. Kf2 Ke5 52. b4
Kf5 53. Nc5 Kxg5 54. Nxa6 Bxa6 55. b5 Bc8 56. c5 Kf6 57. c6 Ke6 58. b6 Kd6 0-1